000 00417nam a2200157 i 4500
001 38430
003 ES-MaACL
005 20230906155745.0
007 t|
008 030225q1905 sp ||||1| spa d
100 1 _aCabo, Francisco.
_933228
245 1 0 _aReflexiones sobre la muerte repentina /
_cFrancisco Cabo.
260 _aMadrid :
_b[s.n.,
_c1905?]
502 _aTesis doctoral.
852 _aES-MaACL
_jT-1080-F-5
999 _c38430
_d38430